Course in heat and mass transfer / (Record no. 10828)
[ view plain ]
| 000 -LEADER | |
|---|---|
| fixed length control field | 00415cam a2200157ua 4500 |
| 082 ## - DEWEY DECIMAL CLASSIFICATION NUMBER | |
| Classification number | 621.402 |
| Item number | ARO/CO |
| 100 ## - MAIN ENTRY--AUTHOR NAME | |
| Personal name | Arora, S C. |
| 100 ## - MAIN ENTRY--AUTHOR NAME | |
| Personal name | Domkundwar, S. |
| 245 ## - TITLE STATEMENT | |
| Title | Course in heat and mass transfer / |
| 250 ## - EDITION STATEMENT | |
| Edition statement | 3 / 7th Revi |
| 260 ## - PUBLICATION, DISTRIBUTION, ETC. (IMPRINT) | |
| Place of publication | New Delhi : |
| Name of publisher | Dhanpat Rai & Co. Pvt. Ltd. , |
| Year of publication | 2015 |
| 300 ## - PHYSICAL DESCRIPTION | |
| Number of Pages | ; . |
| 500 ## - GENERAL NOTE | |
| General note | 14873 Binding |
| 700 1# - ADDED ENTRY--PERSONAL NAME | |
| Personal name | Domkundwar,Anand V. |
| 942 ## - ADDED ENTRY ELEMENTS (KOHA) | |
| Koha item type | Books |
| Withdrawn status | Lost status | Damaged status | Home library | Current library | Date acquired | Full call number | Accession Number | Koha item type | Collection code | Shelving location | Source of acquisition | Cost, normal purchase price |
|---|---|---|---|---|---|---|---|---|---|---|---|---|
| Withdrawn | KAUAET | KAUAET | 12/02/1986 | 621.402 | 14872 | Books | ||||||
| KAUAET | KAUAET | 07/04/2012 | 621.402 | 17906 | Books | |||||||
| KAUAET | KAUAET | 07/04/2012 | 621.402 | 18159 | Books | |||||||
| KAUAET | KAUAET | 12/02/1986 | 621.402 | 14874 | Books | |||||||
| Withdrawn | KAUAET | KAUAET | 12/02/1986 | 621.402 | 14873 | Books | ||||||
| KAUAET | KAUAET | 07/04/2012 | 621.402 | 21205 | Books | |||||||
| KAUAET | KAUAET | 07/07/2016 | 621.402 ARO/CO | 24980 | Books | General Stacks | Aman Book Stall, Calicut | 575.00 | ||||
| KAUAET | KAUAET | 07/07/2016 | 621.402 ARO/CO | 24981 | Books | General Stacks | Aman Book Stall, Calicut | 575.00 | ||||
| KAUAET | KAUAET | 04/09/2018 | 621.402 ARO/CO | BB 112 | Book Bank scheme for SC students | Scheme | ||||||
| KAUAET | KAUAET | 11/09/2018 | 621.402 ARO/CO | 18160 | Books | Scheme | ||||||
| Damaged | KAUAET | KAUAET | 08/10/2024 | 621.402 ARO/CO | 18161 | Books |
